书目信息 |
| 题名: |
导线联合加工机
|
|
| 作者: | ;国营江宁机械厂 编 | |
| 分册: | ||
| 出版信息: | 北京 国防工业出版社 1978 |
|
| 页数: | 34页 | |
| 开本: | 19cm | |
| 丛书名: | ||
| 单 册: | ||
| 中图分类: | TN05 | |
| 科图分类: | ||
| 主题词: | 导线-制造-机械 , 机械-导线-制造 | |
| 电子资源: | ||
| ISBN: | ||
| 000 | 00650nam0 2200241 45 | |
| 001 | 0178001750 | |
| 005 | 20040520143251.7 | |
| 010 | @dCNY0.15 | |
| 091 | @a15034.1709 | |
| 100 | @a19950801d1978 em y0chiy0121 ea | |
| 101 | 0 | @achi |
| 102 | @aCN@b110000 | |
| 105 | @ay z 000yy | |
| 106 | @ar | |
| 200 | 10 | @a导线联合加工机@Adao xian lian he jia gong ji@f国营江宁机械厂编 |
| 210 | @a北京@c国防工业出版社@d1978 | |
| 215 | @a34页@d19cm | |
| 606 | @a导线-制造-机械 | |
| 606 | @a机械-导线-制造 | |
| 690 | @aTN05@v3 | |
| 711 | 02 | @a国营江宁机械厂@Aguo ying jiang ning ji xie chang@4编 |
| 801 | 0 | @aCN@bNLC@c20040520 |
| 905 | @f1@b2574@dTN05@e1 | |
| 导线联合加工机/国营江宁机械厂编.-北京:国防工业出版社,1978 |
| 34页;19cm |
| ISBN :CNY0.15 |
| ● |
| 相关链接 |
|
|
|
|
正题名:导线联合加工机
索取号:TN05/1
 
预约/预借
| 序号 | 登录号 | 条形码 | 馆藏地/架位号 | 状态 | 备注 |
| 1 | 0002574 | 001347929 | 第三借阅区/ [索取号:TN05/1] | 在馆 | |
| 2 | 0002575 | 001347965 | 第二样本阅览室/ [索取号:TN05/1] | 在馆 |